Normal view MARC view

Entry Topical Term

Number of records used in: 1

001 - CONTROL NUMBER

  • control field: 34709

003 - CONTROL NUMBER IDENTIFIER

  • control field: OSt

005 - DATE AND TIME OF LATEST TRANSACTION

  • control field: 20221226152047.0

008 - FIXED-LENGTH DATA ELEMENTS

  • fixed length control field: 221226|| aca||aabn | a|a d

040 ## - CATALOGING SOURCE

  • Original cataloging agency: OSt
  • Transcribing agency: OSt

150 ## - HEADING--TOPICAL TERM

  • Topical term or geographic name entry element: Labour health

670 ## - SOURCE DATA FOUND

  • Source citation: Work cat.: (OSt)520667: Stephens Jr, Melvin and Toohey, Desmond 34708, The impact of health on labor market outcomes: Evidence from a large-scale health experiment

Powered by Koha